[Event "Lloyds Bank Masters 10th"]
[Site "London"]
[Date "1986.08.22"]
[Round "3"]
[White "Norwood, David"]
[Black "Landenbergue, Claude"]
[Result "0-1"]
[WhiteElo "2415"]
[BlackElo "2255"]
[PlyCount "74"]
[EventDate "1986.08.20"]
[EventType "swiss"]
[EventRounds "9"]
[EventCountry "ENG"]
[SourceTitle "BritBase"]
[Source "John Saunders"]
[SourceDate "2020.09.07"]
[SourceVersion "1"]
[SourceVersionDate "2020.09.07"]
[SourceQuality "2"]

1. c4 Nc6 2. Nc3 Nf6 3. g3 g6 4. Bg2 Bg7 5. Nf3 O-O 6. O-O d6 7. d3 a6 8. Rb1
Bd7 9. b4 b5 10. a3 Rb8 11. h3 e5 12. e4 h6 13. Be3 Be6 14. Qe2 Nh5 15. Nd5 Qd7
16. g4 f5 17. exf5 gxf5 18. gxf5 Bxf5 19. Nh4 Nf4 20. Bxf4 Nd4 21. Qa2 exf4 22.
Nxf4 Kh7 23. c5 Rbe8 24. Rbe1 Be5 25. Ne2 Bxd3 26. f4 Nxe2+ 27. Rxe2 Bd4+ 28.
Ref2 Bxf1 29. Qc2+ Kh8 30. Ng6+ Kg7 31. Nxf8 Rxf8 32. Kxf1 Bxf2 33. Qb2+ Rf6
34. Qxf2 dxc5 35. Qxc5 Qd6 36. Qxd6 Rxd6 37. Ke2 a5 0-1

[Event "Lloyds Bank Masters 10th"]
[Site "London"]
[Date "1986.08.22"]
[Round "3"]
[White "Pagden, Michael A"]
[Black "Calvo Minguez, Ricardo"]
[Result "0-1"]
[WhiteElo "2265"]
[BlackElo "2415"]
[PlyCount "46"]
[EventDate "1986.08.20"]
[EventType "swiss"]
[EventRounds "9"]
[EventCountry "ENG"]
[SourceTitle "BritBase"]
[Source "John Saunders"]
[SourceDate "2020.09.07"]
[SourceVersion "1"]
[SourceVersionDate "2020.09.07"]
[SourceQuality "2"]

1. c4 Nf6 2. Nc3 e6 3. e4 Nc6 4. Nf3 e5 5. d4 Bb4 6. dxe5 Nxe4 7. Qc2 d5 8.
exd6 Nxd6 9. Bd3 Qe7+ 10. Be3 Be6 11. O-O-O Nxc4 12. Bxc4 Bxc4 13. Rhe1 O-O 14.
Ng5 f5 15. f4 Bd6 16. Qa4 Nb4 17. a3 a5 18. axb4 axb4 19. Qc2 bxc3 20. Qxc3 b5
21. Bd2 Qf6 22. Kc2 h6 23. Nf3 Bd5 0-1

[Event "Lloyds Bank Masters 10th"]
[Site "London"]
[Date "1986.08.22"]
[Round "3"]
[White "Pein, Malcolm"]
[Black "Plaskett, H James"]
[Result "1-0"]
[WhiteElo "2340"]
[BlackElo "2450"]
[PlyCount "80"]
[EventDate "1986.08.20"]
[EventType "swiss"]
[EventRounds "9"]
[EventCountry "ENG"]
[SourceTitle "BritBase"]
[Source "John Saunders"]
[SourceDate "2020.09.07"]
[SourceVersion "1"]
[SourceVersionDate "2020.09.07"]
[SourceQuality "2"]

1. d4 e6 2. e4 c5 3. d5 exd5 4. exd5 d6 5. Nc3 Be7 6. Bd3 Nf6 7. h3 O-O 8. Nf3
Na6 9. O-O Nc7 10. Bc4 a6 11. a4 b6 12. Rb1 Qd7 13. Re1 Re8 14. b4 b5 15. axb5
axb5 16. Be2 c4 17. Nh2 Bf8 18. Nf1 Bb7 19. Ne3 g6 20. Bf3 Bg7 21. Bb2 h6 22.
Qd2 Nh7 23. h4 f5 24. Ne2 Bxb2 25. Rxb2 Nf6 26. Nf4 Qg7 27. Rbb1 Re5 28. h5
gxh5 29. Qd4 Rae8 30. Red1 Bc8 31. Ra1 h4 32. Ra7 R8e7 33. Qb6 Nfe8 34. Qb8 Ba6
35. Bh5 Qg5 36. Bxe8 Nxe8 37. Ne6 Qf6 38. Rxa6 h5 39. Ra7 Rxa7 40. Qxa7 f4 1-0

[Event "Lloyds Bank Masters 10th"]
[Site "London"]
[Date "1986.08.22"]
[Round "3"]
[White "Saidy, Anthony"]
[Black "Tangborn, Eric"]
[Result "0-1"]
[WhiteElo "2435"]
[BlackElo "2345"]
[PlyCount "68"]
[EventDate "1986.08.20"]
[EventType "swiss"]
[EventRounds "9"]
[EventCountry "ENG"]
[SourceTitle "BritBase"]
[Source "John Saunders"]
[SourceDate "2020.09.07"]
[SourceVersion "1"]
[SourceVersionDate "2020.09.07"]
[SourceQuality "2"]

1. d4 Nf6 2. c4 e6 3. Nc3 Bb4 4. e3 c5 5. Nge2 cxd4 6. exd4 d5 7. a3 Bxc3+ 8.
Nxc3 dxc4 9. Bxc4 Nc6 10. Be3 O-O 11. O-O b6 12. Qf3 Bb7 13. Qh3 Ne7 14. Bd3
Ng6 15. f4 Nd5 16. f5 exf5 17. Bxf5 Bc8 18. Qf3 Bxf5 19. Nxd5 Nh4 20. Qg3 Qxd5
21. Qxh4 Be4 22. Qg5 f5 23. Rf2 Rf6 24. Qf4 Rg6 25. g3 Rc8 26. Re1 Re6 27. Rd2
h6 28. h4 Bf3 29. Rf1 Bg4 30. Qf2 Rce8 31. Rd3 Bh3 32. Re1 f4 33. Bd2 Rxe1+ 34.
Bxe1 Rxe1+ 0-1

[Event "Lloyds Bank Masters 10th"]
[Site "London"]
[Date "1986.08.22"]
[Round "3"]
[White "Sathe, Bhagyashree"]
[Black "Wegner, Hannu"]
[Result "1/2-1/2"]
[WhiteElo "2075"]
[BlackElo "2300"]
[PlyCount "84"]
[EventDate "1986.08.20"]
[EventType "swiss"]
[EventRounds "9"]
[EventCountry "ENG"]
[SourceTitle "BritBase"]
[Source "John Saunders"]
[SourceDate "2020.09.07"]
[SourceVersion "1"]
[SourceVersionDate "2020.09.07"]
[SourceQuality "2"]

1. e4 c5 2. c3 Nf6 3. e5 Nd5 4. d4 cxd4 5. Nf3 Nc6 6. cxd4 d6 7. Bc4 Nb6 8. Bb5
dxe5 9. Nxe5 Bd7 10. Nc3 e6 11. O-O Be7 12. Bf4 O-O 13. Be2 Nxe5 14. Bxe5 Bc6
15. Bd3 Nd7 16. Qh5 g6 17. Qe2 Nxe5 18. dxe5 Qb6 19. Be4 Rac8 20. Rfd1 Rfd8 21.
Bxc6 Qxc6 22. g3 Kg7 23. Qg4 Qc5 24. Qf4 Qb4 25. Qxb4 Bxb4 26. Rxd8 Rxd8 27.
Rd1 Rxd1+ 28. Nxd1 g5 29. Kg2 Kg6 30. g4 Bd2 31. Kf3 Bf4 32. Ke4 Bxh2 33. Nc3
f6 34. exf6 Kxf6 35. Nb5 Bb8 36. b3 a6 37. Na3 h5 38. gxh5 g4 39. Nc2 Kg5 40.
Nd4 Ba7 41. Nxe6+ Kxh5 42. f4 g3 1/2-1/2

[Event "Lloyds Bank Masters 10th"]
[Site "London"]
[Date "1986.08.22"]
[Round "3"]
[White "Thipsay, Praveen"]
[Black "Agdestein, Simen"]
[Result "0-1"]
[WhiteElo "2375"]
[BlackElo "2545"]
[PlyCount "72"]
[EventDate "1986.08.20"]
[EventType "swiss"]
[EventRounds "9"]
[EventCountry "ENG"]
[SourceTitle "BritBase"]
[Source "John Saunders"]
[SourceDate "2020.09.07"]
[SourceVersion "1"]
[SourceVersionDate "2020.09.07"]
[SourceQuality "2"]

1. e4 e6 2. d3 d5 3. Nd2 c5 4. g3 g6 5. Bg2 Bg7 6. Ngf3 Ne7 7. O-O Nbc6 8. c3
O-O 9. Qe2 b6 10. Re1 Ba6 11. e5 g5 12. Nxg5 Nxe5 13. c4 h6 14. Ngf3 N7c6 15.
Nb3 Ng6 16. h4 Rc8 17. Bd2 Bxb2 18. Bxh6 Bxa1 19. Rxa1 Qf6 20. Bxf8 Rxf8 21.
Re1 Rd8 22. Bf1 Bb7 23. Bg2 a5 24. Nbd2 Ba8 25. Qe3 Nb4 26. Rb1 Qf5 27. a3 Nxd3
28. cxd5 Bxd5 29. Rxb6 c4 30. Bf1 Nge5 31. Nxe5 Nxe5 32. Rb5 Rc8 33. f4 c3 34.
Nb3 c2 35. Nc1 Ng4 36. Qb6 Qe4 0-1

[Event "Lloyds Bank Masters 10th"]
[Site "London"]
[Date "1986.08.22"]
[Round "3"]
[White "Van der Sterren, Paul"]
[Black "Arkell, Keith C"]
[Result "1-0"]
[WhiteElo "2475"]
[BlackElo "2350"]
[PlyCount "89"]
[EventDate "1986.08.20"]
[EventType "swiss"]
[EventRounds "9"]
[EventCountry "ENG"]
[SourceTitle "BritBase"]
[Source "John Saunders"]
[SourceDate "2020.09.07"]
[SourceVersion "1"]
[SourceVersionDate "2020.09.07"]
[SourceQuality "2"]

1. d4 c5 2. d5 e5 3. e4 d6 4. Nc3 Be7 5. Nf3 a6 6. a4 Bg4 7. a5 Nd7 8. b3 Bxf3
9. Qxf3 Bg5 10. Bb2 Ne7 11. h4 Bh6 12. Bd3 Ng6 13. g3 O-O 14. Nd1 Ne7 15. Bc3
f5 16. exf5 g6 17. g4 gxf5 18. gxf5 Nf6 19. Ne3 Qe8 20. b4 cxb4 21. Bxb4 Rd8
22. c4 Kh8 23. Rg1 Qh5 24. Qxh5 Nxh5 25. Rb1 Bxe3 26. fxe3 Nxf5 27. Rg5 Nhg7
28. Ke2 Rd7 29. Be1 Re7 30. Be4 Nh6 31. Rb6 Nf7 32. Rg2 Rc8 33. Kd3 Rcc7 34.
Bb4 Ne8 35. Ba3 Nf6 36. Bxd6 Nxd6 37. Rxd6 Nd7 38. Bf5 Nc5+ 39. Kc3 Re8 40. Kb4
Rf8 41. Rg4 Re8 42. Rf6 e4 43. d6 Nd3+ 44. Kc3 Rg7 45. Rxe4 1-0

[Event "Lloyds Bank Masters 10th"]
[Site "London"]
[Date "1986.08.23"]
[Round "4"]
[White "Adams, Michael"]
[Black "Kosashvili, Yona"]
[Result "1-0"]
[WhiteElo "2260"]
[BlackElo "2350"]
[PlyCount "121"]
[EventDate "1986.08.20"]
[EventType "swiss"]
[EventRounds "9"]
[EventCountry "ENG"]
[SourceTitle "BritBase"]
[Source "John Saunders"]
[SourceDate "2020.09.07"]
[SourceVersion "1"]
[SourceVersionDate "2020.09.07"]
[SourceQuality "2"]

1. e4 e5 2. Nf3 Nc6 3. Bb5 a6 4. Ba4 Nf6 5. O-O Be7 6. Re1 b5 7. Bb3 d6 8. c3
O-O 9. h3 Na5 10. Bc2 c5 11. d4 Qc7 12. Nbd2 cxd4 13. cxd4 Nc6 14. d5 Nb4 15.
Bb1 a5 16. Nf1 Bd7 17. Be3 Rfc8 18. Re2 a4 19. a3 Na6 20. Bd3 Nc5 21. Rc1 Qb8
22. Bxc5 dxc5 23. Ne3 c4 24. Bb1 Bc5 25. Qd2 Nh5 26. Kh2 Nf4 27. Ree1 Ra6 28.
Ng1 Rh6 29. f3 Qd6 30. Ng4 Bxg4 31. fxg4 Qf6 32. Rc3 Qg5 33. Nf3 Qxg4 34. Nxe5
Qh4 35. Rg3 Nh5 36. Rg4 Qf2 37. Qxf2 Bxf2 38. Re2 Bb6 39. Nc6 Re8 40. e5 Bc7
41. Kg1 f6 42. e6 Bd6 43. Nd4 Bc5 44. Kh2 f5 45. Nxf5 Rf6 46. Rg5 g6 47. d6
Rfxe6 48. Rxe6 Rxe6 49. Ne7+ Rxe7 50. dxe7 Bxe7 51. Rxb5 c3 52. Ba2+ Kf8 53.
bxc3 Bxa3 54. Ra5 Bd6+ 55. Kg1 Nf4 56. Kf2 a3 57. Kf3 Nd3 58. Ke4 Ne1 59. g4
Ng2 60. c4 Nf4 61. c5 1-0

[Event "Lloyds Bank Masters 10th"]
[Site "London"]
[Date "1986.08.23"]
[Round "4"]
[White "Agdestein, Simen"]
[Black "Pein, Malcolm"]
[Result "1-0"]
[WhiteElo "2545"]
[BlackElo "2340"]
[PlyCount "100"]
[EventDate "1986.08.20"]
[EventType "swiss"]
[EventRounds "9"]
[EventCountry "ENG"]
[SourceTitle "BritBase"]
[Source "John Saunders"]
[SourceDate "2020.09.07"]
[SourceVersion "1"]
[SourceVersionDate "2020.09.07"]
[SourceQuality "2"]

1. d4 Nf6 2. c4 g6 3. g3 Bg7 4. Bg2 O-O 5. Nf3 d6 6. Nc3 Nc6 7. O-O a6 8. h3
Rb8 9. Bg5 Bf5 10. Rc1 Ne4 11. Be3 Nxc3 12. Rxc3 Be4 13. Qd2 d5 14. Rd1 dxc4
15. Rxc4 Qd5 16. Qc1 Rfd8 17. Rd2 Qa5 18. b3 Bd5 19. Rc5 Qb4 20. Ne1 Bxg2 21.
Nc2 Qxc5 22. dxc5 Bxh3 23. f3 Rxd2 24. Bxd2 Bf5 25. Ne1 Rd8 26. g4 Be6 27. Bc3
Nd4 28. Kf2 Bd7 29. Qb2 Bb5 30. e3 Ne6 31. Bxg7 Nxg7 32. a4 Bc6 33. Qc3 h5 34.
gxh5 Nxh5 35. Nd3 Nf6 36. Nb4 Be8 37. Qe5 a5 38. Qxe7 Rd2+ 39. Ke1 Rd7 40. Qxf6
axb4 41. c6 bxc6 42. a5 c5 43. Qe5 Rd8 44. Qxc5 Rd3 45. a6 Rxb3 46. a7 Ra3 47.
Kd2 Ra2+ 48. Kd3 Ra3+ 49. Kc2 Kg7 50. Qe5+ Kf8 1-0

[Event "Lloyds Bank Masters 10th"]
[Site "London"]
[Date "1986.08.23"]
[Round "4"]
[White "Akesson, Ralf"]
[Black "Anand, Viswanathan"]
[Result "1/2-1/2"]
[WhiteElo "2435"]
[BlackElo "2420"]
[PlyCount "128"]
[EventDate "1986.08.20"]
[EventType "swiss"]
[EventRounds "9"]
[EventCountry "ENG"]
[SourceTitle "BritBase"]
[Source "John Saunders"]
[SourceDate "2020.09.07"]
[SourceVersion "1"]
[SourceVersionDate "2020.09.07"]
[SourceQuality "2"]

1. d4 d5 2. c4 dxc4 3. Nf3 Nf6 4. Qa4+ Nbd7 5. Nc3 e6 6. e4 c5 7. d5 e5 8. Nxe5
a6 9. Nf3 Rb8 10. e5 b5 11. Qd1 Ng4 12. Bf4 Bb7 13. e6 fxe6 14. dxe6 Ndf6 15.
Be2 Be7 16. h3 Nh6 17. Bxb8 Qxb8 18. O-O O-O 19. Re1 Kh8 20. Qc2 g6 21. Rad1
Nf5 22. Rd2 Qf4 23. Qd1 Bd6 24. Kf1 Bc7 25. Nd5 Nxd5 26. Rxd5 Bxd5 27. Qxd5 Qd6
28. Qxd6 Bxd6 29. Rd1 Re8 30. Ng5 Kg7 31. Rd5 h6 32. Ne4 Rxe6 33. Nxc5 Bxc5 34.
Rxc5 Nd4 35. Bg4 Rd6 36. g3 h5 37. Bc8 Kf6 38. Kg2 Nc2 39. Rc7 Nb4 40. Ra7 Ke5
41. a3 Nd3 42. Bxa6 Nxb2 43. Bxb5 c3 44. Rc7 Kd4 45. a4 g5 46. f4 gxf4 47. gxf4
Nd1 48. Kf3 Ne3 49. Ke2 Re6 50. Kf3 Rd6 51. Rxc3 Kxc3 52. Kxe3 Re6+ 53. Kf3 Kd4
54. f5 Re4 55. Bc6 Re1 56. Kf4 Rf1+ 57. Bf3 Kc5 58. a5 Ra1 59. Bxh5 Kd6 60. Kg5
Rxa5 61. Kf6 Kd5 62. Bf7+ Ke4 63. Be6 Ra3 64. h4 Rh3 1/2-1/2

[Event "Lloyds Bank Masters 10th"]
[Site "London"]
[Date "1986.08.23"]
[Round "4"]
[White "Calvo Minguez, Ricardo"]
[Black "Chandler, Murray G"]
[Result "0-1"]
[WhiteElo "2565"]
[BlackElo "2415"]
[PlyCount "111"]
[EventDate "1986.08.20"]
[EventType "swiss"]
[EventRounds "9"]
[EventCountry "ENG"]
[SourceTitle "BritBase"]
[Source "John Saunders"]
[SourceDate "2020.09.07"]
[SourceVersion "1"]
[SourceVersionDate "2020.09.07"]
[SourceQuality "2"]

1. d4 Nf6 2. c4 e6 3. Nf3 b6 4. Nc3 Bb7 5. a3 d5 6. cxd5 exd5 7. Bg5 Be7 8.
Qa4+ Nbd7 9. Bxf6 Bxf6 10. g3 c5 11. Rd1 O-O 12. Bh3 cxd4 13. Nxd4 Nc5 14. Qc2
g6 15. O-O Qe7 16. Rfe1 Bxd4 17. Rxd4 Ne6 18. Nxd5 Qd8 19. Rd2 Bxd5 20. Qd1 Qf6
21. Rxd5 Qxb2 22. a4 Nc5 23. a5 Rfe8 24. Bf1 Rab8 25. axb6 axb6 26. Qd4 Qxd4
27. Rxd4 Re4 28. Rd5 Rb4 29. Ra1 Kf8 30. e3 Ke7 31. Bg2 Ke6 32. Rdd1 Ra4 33.
Bd5+ Ke7 34. Rab1 Ra7 35. Rd4 Rd7 36. e4 Rc7 37. Kg2 Nd7 38. Rb2 Nf6 39. Ba2
Nd7 40. Bc4 Ra8 41. Bb5 Nc5 42. Rdb4 Ra3 43. Be2 Na4 44. Rd2 Nc3 45. Bf3 b5 46.
Rd3 Rc4 47. Rxc4 bxc4 48. Rd4 Nb1 49. Bg4 c3 50. Rd7+ Kf6 51. Rc7 Nd2 52. e5+
Kxe5 53. Rxf7 c2 54. Rc7 Kd4 55. Rd7+ Kc3 56. Rc7+ 0-1

[Event "Lloyds Bank Masters 10th"]
[Site "London"]
[Date "1986.08.23"]
[Round "4"]
[White "Hodgson, Julian M"]
[Black "Hebden, Mark L"]
[Result "1-0"]
[WhiteElo "2500"]
[BlackElo "2440"]
[PlyCount "71"]
[EventDate "1986.08.20"]
[EventType "swiss"]
[EventRounds "9"]
[EventCountry "ENG"]
[SourceTitle "BritBase"]
[Source "John Saunders"]
[SourceDate "2020.09.07"]
[SourceVersion "1"]
[SourceVersionDate "2020.09.07"]
[SourceQuality "2"]

1. d4 Nf6 2. Bg5 Ne4 3. h4 d5 4. Nd2 Nxg5 5. hxg5 e5 6. dxe5 Qxg5 7. Ngf3 Qd8
8. e4 Nc6 9. exd5 Qxd5 10. Bc4 Qc5 11. Qe2 Bf5 12. Nb3 Qe7 13. O-O-O Bd7 14. e6
fxe6 15. Rxd7 Kxd7 16. Bb5 Ke8 17. Nbd4 Rd8 18. Bxc6+ bxc6 19. Nxc6 Qf6 20.
Nxd8 Kxd8 21. Qb5 Qf4+ 22. Kb1 Qd6 23. Ng5 Qd7 24. Qb8+ Ke7 25. Qxa7 h6 26.
Qa3+ Kf6 27. Ne4+ Kf7 28. Qf3+ Kg8 29. Rd1 Qe8 30. Qg3 Qf7 31. Rd7 Qf5 32. f3
c5 33. a4 h5 34. Nd6 Qd5 35. Ne8 Qe5 36. Qxe5 1-0

[Event "Lloyds Bank Masters 10th"]
[Site "London"]
[Date "1986.08.23"]
[Round "4"]
[White "Nicholson, John G"]
[Black "Hjartarson, Johann"]
[Result "0-1"]
[WhiteElo "2295"]
[BlackElo "2525"]
[PlyCount "94"]
[EventDate "1986.08.20"]
[EventType "swiss"]
[EventRounds "9"]
[EventCountry "ENG"]
[SourceTitle "BritBase"]
[Source "John Saunders"]
[SourceDate "2020.09.07"]
[SourceVersion "1"]
[SourceVersionDate "2020.09.07"]
[SourceQuality "2"]

1. e4 e5 2. Nf3 Nc6 3. Bb5 a6 4. Ba4 Nf6 5. d4 exd4 6. O-O Be7 7. Re1 b5 8. e5
Nxe5 9. Rxe5 d6 10. Re1 bxa4 11. Nxd4 Bd7 12. Qf3 O-O 13. Nc6 Bxc6 14. Qxc6 d5
15. Bf4 Bd6 16. Bxd6 Qxd6 17. Qxd6 cxd6 18. Nd2 Rfc8 19. Rac1 Rab8 20. b3 Kf8
21. Nf3 Ne4 22. Nd4 Rb4 23. c4 axb3 24. axb3 g6 25. Rcd1 Nf6 26. cxd5 Rc5 27.
h3 Rxd5 28. Nc6 Rxb3 29. Ra1 Rb6 30. Na5 Rc5 31. Re3 d5 32. Nb3 Rc2 33. Nd4 Rc4
34. Nf3 Rcb4 35. Ra5 R4b5 36. Ra4 Ne4 37. Ne5 Re6 38. Nd3 Reb6 39. g3 Rb3 40.
Rd4 R6b5 41. Re2 Rb1+ 42. Kg2 Rd1 43. Re3 Rd2 44. Rf3 Kg7 45. h4 h5 46. Rf4 a5
47. Kf3 Nc5 0-1

[Event "Lloyds Bank Masters 10th"]
[Site "London"]
[Date "1986.08.23"]
[Round "4"]
[White "Plaskett, H James"]
[Black "Condie, Mark L"]
[Result "1-0"]
[WhiteElo "2450"]
[BlackElo "2410"]
[PlyCount "105"]
[EventDate "1986.08.20"]
[EventType "swiss"]
[EventRounds "9"]
[EventCountry "ENG"]
[SourceTitle "BritBase"]
[Source "John Saunders"]
[SourceDate "2020.09.07"]
[SourceVersion "1"]
[SourceVersionDate "2020.09.07"]
[SourceQuality "2"]

1. c4 e6 2. Nf3 d5 3. b3 Nf6 4. Bb2 Be7 5. e3 O-O 6. Nc3 c5 7. d4 Nc6 8. Bd3
cxd4 9. exd4 b6 10. O-O Bb7 11. Qe2 Re8 12. Rfd1 Bf8 13. Rac1 Rc8 14. h3 g6 15.
Qe3 Bg7 16. Ne2 Qc7 17. c5 bxc5 18. Rxc5 Nd7 19. Rcc1 Qb6 20. Bb1 Ba6 21. Nc3
Bb5 22. Qf4 a5 23. a3 Nf6 24. Bc2 Nh5 25. Qe3 Re7 26. Bb1 Rec7 27. Rd2 Ne7 28.
Re1 Be8 29. Bc2 Nf6 30. Ne5 Qb7 31. g4 Nd7 32. f4 Nb6 33. a4 Nxa4 34. Nxa4 Bxa4
35. Nxf7 Kxf7 36. Qxe6+ Kf8 37. Ba3 Be8 38. f5 Bf7 39. Qd6 Rd7 40. Rxe7 Rxe7
41. f6 Bxf6 42. Qxf6 Ke8 43. Rf2 Kd8 44. Re2 Rcc7 45. Bd3 Qa7 46. Bb5 Be8 47.
Qd6+ Rcd7 48. Qf6 Rc7 49. Bxe8 Kxe8 50. Bxe7 Rxe7 51. Qh8+ Kf7 52. Qxh7+ Kf6
53. g5+ 1-0

[Event "Lloyds Bank Masters 10th"]
[Site "London"]
[Date "1986.08.23"]
[Round "4"]
[White "Watson, William N"]
[Black "Nijboer, Friso"]
[Result "1-0"]
[WhiteElo "2495"]
[BlackElo "2290"]
[PlyCount "81"]
[EventDate "1986.08.20"]
[EventType "swiss"]
[EventRounds "9"]
[EventCountry "ENG"]
[SourceTitle "BritBase"]
[Source "John Saunders"]
[SourceDate "2020.09.07"]
[SourceVersion "1"]
[SourceVersionDate "2020.09.07"]
[SourceQuality "2"]

1. e4 c5 2. Nc3 d6 3. f4 g6 4. Nf3 Bg7 5. Bc4 Nc6 6. d3 e6 7. f5 exf5 8. O-O
Nf6 9. Qe1 O-O 10. Qh4 Ng4 11. Bg5 Bf6 12. exf5 gxf5 13. Qh5 Nce5 14. h3 Nxf3+
15. Rxf3 Bxg5 16. hxg4 Qf6 17. Ne4 Be3+ 18. Kf1 Qxb2 19. Re1 fxe4 20. Rxf7 Qg7
21. Rxf8+ Kxf8 22. Rxe3 Bxg4 23. Qd5 Qa1+ 24. Kf2 Qf6+ 25. Kg1 Qa1+ 26. Kh2
Qe5+ 27. Qxe5 dxe5 28. Rxe4 h5 29. Rxe5 Rc8 30. Kg3 Rc7 31. Kh4 b6 32. Kg5 Re7
33. Rxe7 Kxe7 34. Bd5 b5 35. Bf3 Be6 36. a3 Bg4 37. Bxg4 hxg4 38. Kxg4 a5 39.
Kf3 b4 40. a4 Kd6 41. Ke4 1-0

[Event "Lloyds Bank Masters 10th"]
[Site "London"]
[Date "1986.08.24"]
[Round "5"]
[White "Anand, Viswanathan"]
[Black "De Firmian, Nick E"]
[Result "1-0"]
[WhiteElo "2420"]
[BlackElo "2490"]
[PlyCount "65"]
[EventDate "1986.08.20"]
[EventType "swiss"]
[EventRounds "9"]
[EventCountry "ENG"]
[SourceTitle "BritBase"]
[Source "John Saunders"]
[SourceDate "2020.09.07"]
[SourceVersion "1"]
[SourceVersionDate "2020.09.07"]
[SourceQuality "2"]

1. e4 c5 2. Nf3 d6 3. d4 cxd4 4. Nxd4 Nf6 5. Nc3 a6 6. Be3 e5 7. Nf3 Be7 8. Bc4
Be6 9. Bxe6 fxe6 10. Ng5 Qd7 11. Qf3 d5 12. exd5 exd5 13. O-O-O d4 14. Nce4 O-O
15. Bd2 Nc6 16. Nxf6+ gxf6 17. Qb3+ Kh8 18. Nf7+ Kg7 19. Bh6+ Kg6 20. Bxf8 Rxf8
21. Rd3 f5 22. Rg3+ Kf6 23. Nh6 f4 24. Ng8+ Kf5 25. Rg7 d3 26. Rd1 e4 27. Nxe7+
Nxe7 28. Rf7+ Rxf7 29. Qxf7+ Ke5 30. cxd3 exd3 31. Re1+ Kd4 32. Qf6+ Kc4 33.
Qc3+ {Clock times: 0.16, 0.33!!} 1-0

[Event "Lloyds Bank Masters 10th"]
[Site "London"]
[Date "1986.08.24"]
[Round "5"]
[White "Chandler, Murray G"]
[Black "Tangborn, Eric"]
[Result "1-0"]
[WhiteElo "2565"]
[BlackElo "2345"]
[PlyCount "69"]
[EventDate "1986.08.20"]
[EventType "swiss"]
[EventRounds "9"]
[EventCountry "ENG"]
[SourceTitle "BritBase"]
[Source "John Saunders"]
[SourceDate "2020.09.07"]
[SourceVersion "1"]
[SourceVersionDate "2020.09.07"]
[SourceQuality "2"]

1. e4 c6 2. d4 d5 3. Nd2 dxe4 4. Nxe4 Bf5 5. Ng3 Bg6 6. h4 h6 7. Nf3 Nd7 8. h5
Bh7 9. Bd3 Bxd3 10. Qxd3 e6 11. Bf4 Ngf6 12. O-O-O Be7 13. Ne5 Nxe5 14. Bxe5 b5
15. Kb1 Qd5 16. f3 a5 17. Ne4 a4 18. g4 b4 19. g5 hxg5 20. h6 Kd7 21. hxg7 Rxh1
22. Rxh1 Ng8 23. Rh8 f5 24. Nd2 Qb5 25. Nc4 Rd8 26. b3 axb3 27. axb3 Kc8 28.
Nd6+ Bxd6 29. Qxb5 cxb5 30. Bxd6 Kd7 31. Bxb4 g4 32. fxg4 fxg4 33. Rh4 g3 34.
Rg4 Kc6 35. c3 1-0

[Event "Lloyds Bank Masters 10th"]
[Site "London"]
[Date "1986.08.24"]
[Round "5"]
[White "Cramling, Pia"]
[Black "McKay, Roderick M"]
[Result "1/2-1/2"]
[WhiteElo "2400"]
[BlackElo "2400"]
[PlyCount "64"]
[EventDate "1986.08.20"]
[EventType "swiss"]
[EventRounds "9"]
[EventCountry "ENG"]
[SourceTitle "BritBase"]
[Source "John Saunders"]
[SourceDate "2020.09.07"]
[SourceVersion "1"]
[SourceVersionDate "2020.09.07"]
[SourceQuality "2"]

1. d4 Nf6 2. c4 e6 3. Nf3 Bb4+ 4. Nbd2 O-O 5. e3 d6 6. Be2 a5 7. O-O a4 8. Qc2
Qe7 9. a3 Bxd2 10. Bxd2 e5 11. dxe5 dxe5 12. Bc3 Nc6 13. Nd2 Bg4 14. Bd3 h6 15.
Ne4 Nd7 16. Ng3 Nc5 17. Bh7+ Kh8 18. Bf5 Bxf5 19. Nxf5 Qe6 20. f4 f6 21. Nh4
Kg8 22. Ng6 Rfd8 23. fxe5 fxe5 24. Qf5 Re8 25. Rad1 Qxf5 26. Rxf5 Ne4 27. Rd7
Rad8 28. Rxd8 Rxd8 29. Bxe5 Rd1+ 30. Rf1 Rxf1+ 31. Kxf1 Kf7 32. Nh8+ Kg8
1/2-1/2

[Event "Lloyds Bank Masters 10th"]
[Site "London"]
[Date "1986.08.24"]
[Round "5"]
[White "Depasquale, Chris"]
[Black "Plaskett, H James"]
[Result "0-1"]
[WhiteElo "2305"]
[BlackElo "2450"]
[PlyCount "60"]
[EventDate "1986.08.20"]
[EventType "swiss"]
[EventRounds "9"]
[EventCountry "ENG"]
[SourceTitle "BritBase"]
[Source "John Saunders"]
[SourceDate "2020.09.07"]
[SourceVersion "1"]
[SourceVersionDate "2020.09.07"]
[SourceQuality "2"]

1. d4 Nf6 2. Bg5 e6 3. Nf3 c5 4. e3 Qb6 5. Nbd2 Qxb2 6. Bxf6 gxf6 7. Be2 Nc6 8.
O-O cxd4 9. Nc4 Qc3 10. exd4 d5 11. Ne3 Bh6 12. Ng4 Bg7 13. Rb1 O-O 14. Rb3 Qa5
15. Qc1 e5 16. dxe5 Bxg4 17. exf6 Bxf6 18. Qf4 Bxf3 19. Rxf3 Bg7 20. Bd3 Ne5
21. Rg3 Ng6 22. Qg4 Qd8 23. f4 Qf6 24. Qh5 Rfe8 25. Rh3 h6 26. Rhf3 Rad8 27. g4
Re4 28. g5 Qd4+ 29. Kh1 Nxf4 30. Qg4 Nxd3 0-1

[Event "Lloyds Bank Masters 10th"]
[Site "London"]
[Date "1986.08.24"]
[Round "5"]
[White "Dlugy, Max"]
[Black "Calvo Minguez, Ricardo"]
[Result "1-0"]
[WhiteElo "2500"]
[BlackElo "2415"]
[PlyCount "49"]
[EventDate "1986.08.20"]
[EventType "swiss"]
[EventRounds "9"]
[EventCountry "ENG"]
[SourceTitle "BritBase"]
[Source "John Saunders"]
[SourceDate "2020.09.07"]
[SourceVersion "1"]
[SourceVersionDate "2020.09.07"]
[SourceQuality "2"]

1. d4 e6 2. c4 Bb4+ 3. Bd2 Qe7 4. Nf3 Nc6 5. g3 e5 6. dxe5 Nxe5 7. Nxe5 Bxd2+
8. Qxd2 Qxe5 9. Nc3 Ne7 10. Bg2 h5 11. O-O-O Rh6 12. Qd4 Qxd4 13. Rxd4 d6 14.
Rhd1 Nc6 15. Bxc6+ bxc6 16. c5 Ke7 17. Ne4 dxc5 18. Rd8 Re6 19. f3 f5 20. Nxc5
Rxe2 21. Rg8 Kf7 22. Rdd8 Rb8 23. Rdf8+ Kg6 24. Nd3 Rxh2 25. Ne5+ 1-0

[Event "Lloyds Bank Masters 10th"]
[Site "London"]
[Date "1986.08.24"]
[Round "5"]
[White "Hjartarson, Johann"]
[Black "Adams, Michael"]
[Result "1-0"]
[WhiteElo "2525"]
[BlackElo "2260"]
[PlyCount "77"]
[EventDate "1986.08.20"]
[EventType "swiss"]
[EventRounds "9"]
[EventCountry "ENG"]
[SourceTitle "BritBase"]
[Source "John Saunders"]
[SourceDate "2020.09.07"]
[SourceVersion "1"]
[SourceVersionDate "2020.09.07"]
[SourceQuality "2"]

1. d4 Nf6 2. c4 e6 3. Nf3 Bb4+ 4. Bd2 Qe7 5. g3 O-O 6. Bg2 Bxd2+ 7. Qxd2 d6 8.
Nc3 e5 9. O-O Re8 10. e4 Bg4 11. d5 a5 12. Ne1 Na6 13. b3 Nc5 14. Rb1 c6 15.
Nc2 Rec8 16. Ne3 Bd7 17. Rfd1 cxd5 18. Nexd5 Nxd5 19. Nxd5 Qd8 20. Nc3 Ra6 21.
Nb5 Rcc6 22. Qe3 Qe7 23. Rd2 h6 24. Nxd6 Nxb3 25. Rxb3 Rxd6 26. Rxb7 Rxd2 27.
Qxd2 Rd6 28. Qc2 Ba4 29. Rb8+ Be8 30. c5 Rd8 31. Rxd8 Qxd8 32. Bf1 Bc6 33. Bc4
Qd4 34. Bd5 Bd7 35. Kg2 Qb4 36. c6 Bc8 37. Qd3 Kf8 38. Qe3 Qe7 39. Qb6 1-0